000 00608nam a2200229Ia 4500
003 OSt
005 20220924125708.0
006 a|||||r|||| 00| 0
007 ta
008 220923b |||||||| |||| 00| 0 per d
024 _a331578
037 _cTextual
040 _aARTS
_cARTS
_bper
041 _2per
_aper
082 _aV45, 164K8
100 _aMehreen Abbas Au.
_9198746
245 0 _aHamsaigan-e-Iran
260 _aTehran
_bBangah matbuati atai Iran
_c1968
650 _aIRAN - HISTORY
942 _hV45, 164K8
_cTEXL
_2CC
999 _c423194
_d423194